000 00202nam a22000857a 4500
008 170524b xxu||||| |||| 00| 0 eng d
100 _93109
_aPal.y.etal.
245 _aSecondary Biology-X
260 _aNew Delhi
999 _c6396
_d6396